قصہ ا يک د ر و يش کا (Record no. 181480)

MARC details
000 -LEADER
fixed length control field 00607nam a22001937a 4500
005 - DATE AND TIME OF LATEST TRANSACTION
control field 20210915153413.0
010 ## - LCCN (DPL NO)
LC control number UR-11235
020 ## - INTERNATIONAL STANDARD BOOK NUMBER
Terms of availability 76.00
International Standard Book Number -
035 ## - SYSTEM CONTROL NUMBER
System control number U-9790
037 ## - SOURCE OF ACQUISITION
Source of stock number/acquisition DBAD/PUB
082 ## - DEWEY DECIMAL CLASSIFICATION NUMBER
Classification number ک
100 ## - MAIN ENTRY--PERSONAL NAME
Personal name عا بد علی خا ن
245 ## - TITLE STATEMENT
Title قصہ ا يک د ر و يش کا
Statement of responsibility, etc عا بد علی خا ن
246 ## - VARYING FORM OF TITLE
Title proper/short title Kissa Ek Darwesh Ka (Urdu)
Remainder of title by Abid Ali Khan
260 ## - PUBLICATION, DISTRIBUTION, ETC. (IMPRINT)
Place of publication, distribution, etc N.Delhi
Date of publication, distribution, etc 2020 ء
Name of publisher, distributor, etc Educational Publishing House
270 ## - ADDRESS
Address 3191, Vakil Street, Kucha Pandit Lal Kuan,
City Delhi
Postal code 110006
Fax number -
300 ## - PHYSICAL DESCRIPTION
Extent 104 ص
Dimensions 22 Cm(Hb)
942 ## - ADDED ENTRY ELEMENTS (KOHA)
Source of classification or shelving scheme Dewey Decimal Classification
Item type Urdu Bks
Classification part ک
Call number suffix ع ا ب
Holdings
Withdrawn status Lost status Not for loan Collection code Home library Current library Date acquired Source of acquisition Cost, normal purchase price Full call number Barcode Copy number Cost, replacement price Koha item type
    Not For Loan Fiction Central Library Central Library 15/09/2021 DBAD/PUB 76.00 ک ع ا ب U-9790 1 76.00 Urdu Bks

© Delhi Public Library
Hit Counter
free hit counter